Washington Cities That Start With B - Statistics

General Stats
  • This quiz has been taken 5 times
  • The average score is 13 of 19
Answer Stats
# County City or Town Type Population City % Correct
10 Kitsap City Code 24,128 Bainbridge Island
100%
13 King City Code 144,755 Bellevue
100%
14 Whatcom City First Class (county seat) 93,744 Bellingham
100%
21 Kitsap City First Class 44,391 Bremerton
100%
11 Clark City Code 21,655 Battle Ground
67%
15 Benton City Code 3,512 Benton City
67%
16 Klickitat City Code 738 Bingen
67%
17 King City Code 8,442 Black Diamond
67%
18 Whatcom City Code 6,125 Blaine
67%
19 Pierce City Code 22,948 Bonney Lake
67%
20 King, Snohomish City Code 47,033 Bothell
67%
22 Okanogan City Code 2,043 Brewster
67%
24 Snohomish City Code 6,400 Brier
67%
25 Pierce City Code 5,681 Buckley
67%
27 King City Code 49,261 Burien
67%
28 Skagit City Code 10,696 Burlington
67%
23 Douglas City Code 2,153 Bridgeport
33%
26 Thurston Town 594 Bucoda
33%
12 King Town 297 Beaux Arts Village
0%
No matching quizzes found
Score Distribution
Percent of People with Each Score
Percentile by Number Answered
Your Score History
You have not taken this quiz